000 00606nam a2200205Ia 4500
003 GCL
005 20240530103108.0
008 140319s9999 xx 000 0 ara d
040 _aGCL /
_cGCL
082 0 4 _a811.4
_bم ن
100 1 _aمحمد النويهى
245 1 0 _aنفسية ابى نواس /
_cمحمد النويهى
260 _a[S.N] :
_bمكتبة الخانجى ،
_c1994
300 _a275 ص
650 0 4 _aالشعر العربى
650 0 4 _aدواوين وقصائد
650 0 4 _aابونواس، الحسن بن هانى
650 0 4 _aتاريخ ونقد
942 _2ddc
_cBK
999 _c36791
_d36791